Průvodce egyptskými pyramidami

Bibliographic Details
Main Author: Siliotti, Alberto 1950- (fot)
Other Authors: Landgráfová, Renata, 1976- (Translator), Barbonaglia, Michela (Illustrator), Hawass, Zahi, 1947- (auv)
Format: Book
Language:Czech
English
PhysicalDescription:167 s. fareb. fotogr. 25 cm
Published: Praha Slovart 2004
ISBN:8072095560
Edition:2. vyd.
Subjects:

MARC

LEADER 00000nam a2200000 a 4500
001 vtls001479620
003 SK-MaSNL
005 20260331204124.0
008 040802s2004 xr ab 00100 cze
020 |a 8072095560 
035 |a SNK000434918 
040 |a SNK  |b slo  |c SNK  |e AACR2 
041 1 |a cze  |h eng 
043 |a f-ua--- 
044 |a xr  |c CZ 
072 7 |a 904  |x Kultúrne pamiatky historického obdobia všeobecne  |2 konspekt 
080 |a 902:904  |2 1981 
080 |a 726.85  |2 1981 
080 |a 72.032  |2 1981 
080 |a (620)  |2 1981 
080 |a (084.11)  |2 1981 
080 |a (0.062)  |2 1981 
100 1 |a Siliotti, Alberto  |d 1950-  |4 fot  |9 530300 
240 1 0 |a Guide to the pyramids of Egypt  |l Česky 
245 1 0 |a Průvodce egyptskými pyramidami  |c [text a fotografie] Alberto Siliotti ; předmluva Zahi Hawás ; [z anglického originálu přeložila Renata Landgrafová ; kresby Michela Barbonaglia] 
250 |a 2. vyd. 
260 |a Praha  |b Slovart  |c 2004 
300 |a 167 s.  |b fareb. fotogr.  |c 25 cm 
650 0 7 |a pyramídy  |2 SNKPH  |9 59070 
650 0 7 |a archeologické pamiatky  |2 SNKPH  |9 31774 
650 0 7 |a staroveká architektúra  |2 SNKPH  |9 2957 
651 7 |a Egypt  |2 SNKPHgeo  |9 16952 
655 7 |a príručky  |2 SNKPH  |9 74364 
655 7 |a populárno-náučné publikácie  |2 SNKPH  |9 70460 
655 7 |a obrazové publikácie  |2 SNKPH  |9 70343 
700 1 |a Landgráfová, Renata,  |d 1976-  |4 trl  |9 104593 
700 1 |a Barbonaglia, Michela  |4 ill  |9 530301 
700 1 |a Hawass, Zahi,  |d 1947-  |4 auv  |9 313627 
919 |a 80-7209-556-0 
958 |a OP 
958 |a CZ 
999 |c 818315  |d 820245 
952 |t snkSIL 726.85  |a SNKUST  |b SNKUST  |y PREZ  |7 0  |p 17A0428710  |o snkIC 131519  |i snkK 706/2004  |8 3  |g 14.90  |0 0  |1 0  |4 0  |d 2004-08-02  |l 0  |r 2025-04-29 00:00:00  |w 2026-02-24